[Event "Reykjavik op"]
[Site "Reykjavik"]
[Date "2024.03.21"]
[Round "9"]
[White "Galperin, Platon"]
[Black "Heimisson, Hilmir Freyr"]
[Result "1-0"]
[WhiteElo "2555"]
[BlackElo "2355"]
[PlyCount "41"]
[EventDate "2024.03.15"]
[EventType "swiss"]
[EventRounds "9"]
[EventCountry "ISL"]
[SourceTitle "CB13_2024"]
[SourceDate "2024.03.27"]
[SourceVersion "1"]
[SourceVersionDate "2024.03.27"]
[SourceQuality "1"]

1. d4 d5 2. c4 c6 3. Nf3 Nf6 4. Nc3 dxc4 5. e4 b5 6. Qc2 e6 7. Be2 Bb7 8. 0-0 Be7 9. Rb1 0-0 10. b3 cxb3 11. Rxb3 Nbd7 12. e5 Nd5 13. Nxd5 exd5 14. Bd3 h6 15. Bf5 Kh8 16. Ne1 Re8 17. Rh3 Bf8 18. Nf3 f6 19. Bxd7 Qxd7 20. exf6 g5 21. Nxg5 1-0

[Event "ISR-chT"]
[Site "Israel"]
[Date "2024.02.17"]
[Round "8.31"]
[White "Galperin, Platon"]
[Black "Levin, Guy"]
[Result "0-1"]
[WhiteElo "2558"]
[BlackElo "2441"]
[PlyCount "84"]
[EventDate "2024.01.10"]
[EventType "team-tourn"]
[EventRounds "11"]
[EventCountry "ISR"]
[SourceTitle "CB09_2024"]
[SourceDate "2024.02.28"]
[SourceVersion "1"]
[SourceVersionDate "2024.02.28"]
[SourceQuality "1"]
[WhiteTeam "Ashdod"]
[BlackTeam "Ramat Gan Etude"]
[WhiteTeamCountry "ISR"]
[BlackTeamCountry "ISR"]

1. d4 d5 2. c4 dxc4 3. Nf3 Nf6 4. e3 e6 5. Bxc4 a6 6. 0-0 Nbd7 7. a4 c5 8. Qe2 Qc7 9. e4 cxd4 10. e5 d3 11. Bxd3 Nd5 12. Be4 Nc5 13. Bxd5 exd5 14. Nc3 Nb3 15. Be3 Nxa1 16. Nxd5 Qc6 17. Nb6 Be6 18. Rc1 Qxc1+ 19. Bxc1 Rd8 20. Bg5 Be7 21. Bxe7 Kxe7 22. Qe1 Rd3 23. Qxa1 Rhd8 24. Ne1 Rd1 25. Qa3+ Ke8 26. Kf1 R8d2 27. Qc3 Bg4 28. Qe3 Rxb2 29. h3 Be6 30. Kg1 Rbb1 31. Kh2 Rxe1 32. Qc5 g5 33. Qd6 Red1 34. Qb8+ Ke7 35. Qxb7+ Kf8 36. a5 h5 37. Kg3 h4+ 38. Kf3 Bd5+ 39. Qxd5 Rxd5 40. Nxd5 Rb5 41. Nb6 Kg7 42. Nc4 Rc5 0-1

[Event "ISR-chT"]
[Site "Israel"]
[Date "2024.02.16"]
[Round "7.19"]
[White "Erigaisi, Arjun Kumar"]
[Black "Galperin, Platon"]
[Result "1-0"]
[WhiteElo "2738"]
[BlackElo "2558"]
[PlyCount "123"]
[EventDate "2024.01.10"]
[EventType "team-tourn"]
[EventRounds "11"]
[EventCountry "ISR"]
[SourceTitle "CB09_2024"]
[SourceDate "2024.02.28"]
[SourceVersion "1"]
[SourceVersionDate "2024.02.28"]
[SourceQuality "1"]
[WhiteTeam "Rishon Le Zion"]
[BlackTeam "Ashdod"]
[WhiteTeamCountry "ISR"]
[BlackTeamCountry "ISR"]

1. e4 c5 2. Nf3 e6 3. d4 cxd4 4. Nxd4 Nc6 5. Nc3 Qc7 6. Be2 a6 7. Nxc6 bxc6 8. Qd3 d5 9. Qg3 Qxg3 10. hxg3 Nf6 11. g4 Nxe4 12. Nxe4 dxe4 13. Be3 Bb7 14. 0-0-0 c5 15. Rh5 Rc8 16. b3 g6 17. Rh3 Ke7 18. Rdh1 Bg7 19. Rxh7 Rxh7 20. Rxh7 Bd4 21. Kd2 Rd8 22. a4 a5 23. Bb5 Bxe3+ 24. Kxe3 g5 25. Rh6 Ba8 26. f3 exf3 27. gxf3 Bb7 28. Bd3 Bc6 29. Rh5 Kf6 30. f4 gxf4+ 31. Kxf4 Rd4+ 32. Ke3 Rd5 33. Rh8 Ke7 34. Bb5 Re5+ 35. Kd2 Bf3 36. Rg8 Kf6 37. Bd3 Rg5 38. Rc8 Rd5 39. Ke3 Bxg4 40. Ra8 Ke5 41. Bc4 Rd1 42. Rxa5 f5 43. Rxc5+ Kd6 44. Rc8 Ke5 45. Rf8 Rh1 46. a5 Rh2 47. Kd3 f4 48. Kc3 Bf5 49. Bd3 f3 50. a6 Rh7 51. Kd2 f2 52. b4 Rh8 53. Rf7 Rh7 54. Rxf5+ exf5 55. Ke3 Rh1 56. Kxf2 Kd6 57. Bf1 Rh7 58. Bg2 Rc7 59. c4 Rxc4 60. a7 Rc2+ 61. Kg1 Rc1+ 62. Kh2 1-0

[Event "ISR-chT"]
[Site "Israel"]
[Date "2024.02.09"]
[Round "5.13"]
[White "Kochavi, Ori"]
[Black "Galperin, Platon"]
[Result "1/2-1/2"]
[WhiteElo "2424"]
[BlackElo "2558"]
[PlyCount "52"]
[EventDate "2024.01.10"]
[EventType "team-tourn"]
[EventRounds "11"]
[EventCountry "ISR"]
[SourceTitle "CB09_2024"]
[SourceDate "2024.02.28"]
[SourceVersion "1"]
[SourceVersionDate "2024.02.28"]
[SourceQuality "1"]
[WhiteTeam "Ramat Gan Etiod"]
[BlackTeam "Ashdod"]
[WhiteTeamCountry "ISR"]
[BlackTeamCountry "ISR"]

1. e4 c5 2. Nf3 e6 3. d4 cxd4 4. Nxd4 Nc6 5. Nc3 Qc7 6. g3 a6 7. Bg2 Nf6 8. 0-0 Nxd4 9. Qxd4 Bc5 10. Bf4 d6 11. Qd2 h6 12. Rad1 e5 13. Be3 Bxe3 14. fxe3 Be6 15. Qxd6 Rc8 16. Qxc7 Rxc7 17. Rd2 Ke7 18. Nd5+ Bxd5 19. exd5 Ne8 20. e4 Nd6 21. c3 Rc4 22. Re1 f6 23. Kf2 b5 24. Kf3 a5 25. Bf1 Rc5 26. h4 Rb8 1/2-1/2

[Event "POL-chT Ekstraliga"]
[Site "Lublin"]
[Date "2023.09.26"]
[Round "9.5"]
[White "Galperin, Platon"]
[Black "Zilka, Stepan"]
[Result "1/2-1/2"]
[WhiteElo "2571"]
[BlackElo "2600"]
[PlyCount "43"]
[EventDate "2023.09.18"]
[EventType "team-tourn"]
[EventRounds "9"]
[EventCountry "POL"]
[SourceTitle "EXT 2024"]
[Source "ChessBase"]
[SourceDate "2023.10.10"]
[SourceVersion "1"]
[SourceVersionDate "2023.10.10"]
[SourceQuality "1"]
[WhiteTeam "Dabrowa Gornicza Zaglebie"]
[BlackTeam "Pegow Wieza"]
[WhiteTeamCountry "POL"]
[BlackTeamCountry "POL"]

1. Nf3 Nf6 2. d4 d5 3. Bf4 e6 4. e3 Bd6 5. Ne5 0-0 6. Nd2 c5 7. c3 Nc6 8. Bd3 Qc7 9. Ndf3 h6 10. g4 Nd7 11. g5 cxd4 12. gxh6 Ndxe5 13. Nxe5 Nxe5 14. Bh7+ Kxh7 15. hxg7 Kxg7 16. Bxe5+ Bxe5 17. Qg4+ Kf6 18. Qh4+ Kf5 19. Rg1 Bf4 20. Qg4+ Kf6 21. Qh4+ Kf5 22. Qg4+ 1/2-1/2

[Event "POL-chT Ekstraliga"]
[Site "Lublin"]
[Date "2023.09.23"]
[Round "6.2"]
[White "Tomczak, Jacek"]
[Black "Galperin, Platon"]
[Result "1/2-1/2"]
[WhiteElo "2591"]
[BlackElo "2571"]
[PlyCount "39"]
[EventDate "2023.09.18"]
[EventType "team-tourn"]
[EventRounds "9"]
[EventCountry "POL"]
[SourceTitle "EXT 2024"]
[Source "ChessBase"]
[SourceDate "2023.10.10"]
[SourceVersion "1"]
[SourceVersionDate "2023.10.10"]
[SourceQuality "1"]
[WhiteTeam "Gliwice Akademia Szachowa"]
[BlackTeam "Dabrowa Gornicza Zaglebie"]
[WhiteTeamCountry "POL"]
[BlackTeamCountry "POL"]

1. e4 e5 2. Nf3 Nf6 3. Nxe5 d6 4. Nd3 Nxe4 5. Qe2 Qe7 6. Nf4 Nc6 7. c3 Nf6 8. h4 h5 9. d4 Bf5 10. f3 d5 11. Kf2 0-0-0 12. Qxe7 Nxe7 13. Na3 Ng6 14. Nd3 Bxa3 15. bxa3 Ne8 16. Bd2 Nd6 17. Re1 Rde8 18. Rxe8+ Rxe8 19. Be2 Bd7 20. Nb4 1/2-1/2

[Event "Warsaw Szansa rapid op"]
[Site "Warsaw"]
[Date "2023.09.17"]
[Round "4"]
[White "Antolak, Julia"]
[Black "Galperin, Platon"]
[Result "1/2-1/2"]
[WhiteElo "2299"]
[BlackElo "2571"]
[PlyCount "197"]
[EventDate "2023.09.17"]
[EventType "swiss (rapid)"]
[EventRounds "9"]
[EventCountry "POL"]
[SourceTitle "EXT 2024"]
[Source "ChessBase"]
[SourceDate "2023.10.10"]
[SourceVersion "1"]
[SourceVersionDate "2023.10.10"]
[SourceQuality "1"]

1. d4 d5 2. c4 e6 3. Nc3 c5 4. cxd5 exd5 5. Nf3 Nf6 6. Bg5 Be6 7. Bxf6 Qxf6 8. e4 dxe4 9. Nxe4 Qf4 10. Nxc5 Bxc5 11. dxc5 Nc6 12. Be2 Rd8 13. Qc1 Qb4+ 14. Qc3 Qxc3+ 15. bxc3 Rd5 16. Rb1 Bc8 17. Bb5 Rxc5 18. Nd4 Rxc3 19. Kd2 Ra3 20. Rb2 0-0 21. Bxc6 bxc6 22. Nxc6 Be6 23. Rhb1 g6 24. Nd4 Bxa2 25. Ra1 Rd8 26. Rbxa2 Rxd4+ 27. Ke2 Rxa2+ 28. Rxa2 Rd7 29. Ke3 Kf8 30. Ke4 Ke7 31. f4 Kd6 32. g4 Re7+ 33. Kd4 Kc6 34. Rc2+ Kb5 35. Rb2+ Ka4 36. Ra2+ Kb4 37. Rb2+ Ka3 38. Rb5 Ka4 39. Rb8 a5 40. Rh8 f5 41. gxf5 gxf5 42. Kc3 Re3+ 43. Kd4 Re4+ 44. Kc3 Re3+ 45. Kd4 Re4+ 46. Kc3 Rxf4 47. Rxh7 Ka3 48. h4 a4 49. h5 Rh4 50. h6 f4 51. Rf7 Rxh6 52. Rxf4 Rc6+ 53. Kd2 Kb3 54. Rf8 Rb6 55. Kc1 Ka2 56. Rf2+ Ka1 57. Rc2 Rb1+ 58. Kd2 Rb2 59. Kc1 a3 60. Rc8 Ka2 61. Rc7 Rb1+ 62. Kc2 Rb2+ 63. Kc1 Kb3 64. Rb7+ Ka2 65. Rc7 Rb5 66. Rc8 Rg5 67. Rb8 Rg2 68. Rb7 Rh2 69. Rb8 Ka1 70. Rb7 Rb2 71. Rc7 Ka2 72. Rc8 Rb4 73. Rc7 Rf4 74. Rb7 Rf3 75. Kc2 Rf2+ 76. Kc1 Rf4 77. Rb8 Rc4+ 78. Kd2 Rc6 79. Rb7 Ka1 80. Rb8 Rc5 81. Rb7 Rc8 82. Rb6 Ka2 83. Rb7 Ka1 84. Rb6 a2 85. Rb7 Rh8 86. Kc2 Rh2+ 87. Kc1 Rh1+ 88. Kc2 Rb1 89. Rh7 Rb2+ 90. Kc1 Rb5 91. Rc7 Rh5 92. Rb7 Rh1+ 93. Kc2 Rb1 94. Rh7 Rb5 95. Rh1+ Rb1 96. Rh7 Rb2+ 97. Kc1 Rb8 98. Rc7 Rc8 99. Rxc8 1/2-1/2

[Event "Warsaw Szansa rapid op"]
[Site "Warsaw"]
[Date "2023.09.17"]
[Round "2"]
[White "Drozdowski, Konrad"]
[Black "Galperin, Platon"]
[Result "0-1"]
[WhiteElo "2104"]
[BlackElo "2571"]
[PlyCount "66"]
[EventDate "2023.09.17"]
[EventType "swiss (rapid)"]
[EventRounds "9"]
[EventCountry "POL"]
[SourceTitle "EXT 2024"]
[Source "ChessBase"]
[SourceDate "2023.10.10"]
[SourceVersion "1"]
[SourceVersionDate "2023.10.10"]
[SourceQuality "1"]

1. d4 Nf6 2. Nc3 d5 3. Bf4 c5 4. e3 cxd4 5. exd4 a6 6. Nf3 Nc6 7. Ne5 Bd7 8. Be2 e6 9. 0-0 Qb6 10. Nxc6 Bxc6 11. Rb1 Be7 12. Qd2 0-0 13. Bd3 Rac8 14. Ne2 Bb5 15. c3 Ne4 16. Bxe4 dxe4 17. f3 Bc6 18. fxe4 Bxe4 19. Rbe1 Qa5 20. Nc1 Bd5 21. a3 Rfd8 22. Re3 Bc6 23. Qf2 Rd5 24. Be5 f6 25. Rg3 Rf8 26. Bf4 Rf5 27. Qe2 Qd5 28. Kh1 Kf7 29. Nd3 h5 30. Nb4 Bxb4 31. axb4 Bb5 32. Qf2 Bxf1 33. Qxf1 g5 0-1

[Event "Warsaw Szansa rapid op"]
[Site "Warsaw"]
[Date "2023.09.17"]
[Round "3"]
[White "Galperin, Platon"]
[Black "Fiszer, Bartosz"]
[Result "1-0"]
[WhiteElo "2571"]
[BlackElo "2280"]
[PlyCount "95"]
[EventDate "2023.09.17"]
[EventType "swiss (rapid)"]
[EventRounds "9"]
[EventCountry "POL"]
[SourceTitle "EXT 2024"]
[Source "ChessBase"]
[SourceDate "2023.10.10"]
[SourceVersion "1"]
[SourceVersionDate "2023.10.10"]
[SourceQuality "1"]

1. d4 Nf6 2. Nf3 g6 3. c4 Bg7 4. Nc3 0-0 5. Bg5 d6 6. e3 c5 7. d5 Qa5 8. Nd2 e6 9. Be2 exd5 10. cxd5 b5 11. 0-0 a6 12. a4 b4 13. Nc4 Qc7 14. Bxf6 Bxf6 15. Ne4 Be7 16. a5 Nd7 17. h4 Bb7 18. Bf3 Rad8 19. h5 f5 20. Ng3 Bf6 21. hxg6 hxg6 22. Be2 Ne5 23. Ra2 Rf7 24. b3 Rh7 25. f4 Nxc4 26. Bxc4 Re8 27. Rf3 Rhe7 28. Nf1 Qc8 29. Qd3 Kg7 30. Re2 Rf7 31. Kf2 Bh4+ 32. Kg1 Bf6 33. Rh3 Rfe7 34. g3 Rh8 35. Rxh8 Kxh8 36. g4 Kg7 37. gxf5 Qxf5 38. Qxf5 gxf5 39. Ng3 Bc8 40. Bd3 Kg6 41. Rg2 Kf7 42. Bxf5 Bb7 43. e4 Bd4+ 44. Kf1 Ke8 45. Be6 Kf8 46. Nf5 Rxe6 47. dxe6 Bxe4 48. e7+ 1-0

[Event "Warsaw Szansa rapid op"]
[Site "Warsaw"]
[Date "2023.09.17"]
[Round "5"]
[White "Galperin, Platon"]
[Black "Psyk, Radoslaw"]
[Result "1-0"]
[WhiteElo "2571"]
[BlackElo "2460"]
[PlyCount "83"]
[EventDate "2023.09.17"]
[EventType "swiss (rapid)"]
[EventRounds "9"]
[EventCountry "POL"]
[SourceTitle "EXT 2024"]
[Source "ChessBase"]
[SourceDate "2023.10.10"]
[SourceVersion "1"]
[SourceVersionDate "2023.10.10"]
[SourceQuality "1"]

1. d4 Nf6 2. Nf3 e6 3. Bf4 c5 4. e3 b6 5. Nc3 cxd4 6. Nb5 d6 7. Qxd4 Nd5 8. Bg5 f6 9. Bh4 Nc6 10. Qd2 Nc7 11. 0-0-0 Nxb5 12. Bxb5 Bd7 13. Bg3 Na5 14. Nd4 Kf7 15. Qd3 Be7 16. e4 Rc8 17. f4 Qc7 18. e5 dxe5 19. fxe5 Bxb5 20. Nxb5 Qc4 21. exf6 gxf6 22. Qxc4 Nxc4 23. Rd7 a6 24. Na7 Rc5 25. Bf2 Rf5 26. Nc6 Rxf2 27. Rxe7+ Kg6 28. Rxe6 Rxg2 29. Rf1 Rf8 30. h4 b5 31. b3 Na3 32. Nd4 a5 33. Rf5 Rg4 34. h5+ Kg7 35. Re7+ Kh6 36. Ne6 Rg1+ 37. Kd2 Rg2+ 38. Kd3 Rg3+ 39. Ke4 Nxc2 40. Kf4 Ne3 41. Nxf8 Nxf5 42. Rxh7# 1-0

[Event "Warsaw Szansa blitz op"]
[Site "Warsaw"]
[Date "2023.09.16"]
[Round "12"]
[White "Czernek, Tymon"]
[Black "Galperin, Platon"]
[Result "1-0"]
[WhiteElo "2332"]
[BlackElo "2571"]
[PlyCount "68"]
[EventDate "2023.09.16"]
[EventType "swiss (blitz)"]
[EventRounds "13"]
[EventCountry "POL"]
[SourceTitle "EXT 2024"]
[Source "ChessBase"]
[SourceDate "2023.10.10"]
[SourceVersion "1"]
[SourceVersionDate "2023.10.10"]
[SourceQuality "1"]

1. e4 e5 2. Nf3 Nc6 3. Bc4 d6 4. 0-0 Be7 5. c3 f5 6. exf5 e4 7. Nd4 d5 8. Qh5+ Kf8 9. Ne6+ Bxe6 10. fxe6 g6 11. Qxd5 Nf6 12. Qg5 Kg7 13. d4 h6 14. Qe3 Bd6 15. g3 Qe7 16. Nd2 Na5 17. b3 Nxc4 18. bxc4 Qxe6 19. Rb1 Rhf8 20. c5 Qh3 21. f4 exf3 22. Qxf3 Ng4 23. Qg2 Qh5 24. Nf3 Be7 25. Rxb7 Rac8 26. Bf4 Nf6 27. Ne5 g5 28. Bd2 Qe8 29. Nc6 Qd7 30. Nxe7 Qxe7 31. Rxa7 Rce8 32. Ra6 Qd7 33. h3 Re7 34. Qc6 Qxh3 1-0

[Event "World-chT Rapid"]
[Site "Dusseldorf"]
[Date "2023.08.27"]
[Round "6.8"]
[White "Galperin, Platon"]
[Black "Gloeckler, Christian"]
[Result "1-0"]
[WhiteElo "2566"]
[BlackElo "2318"]
[PlyCount "83"]
[EventDate "2023.08.26"]
[EventType "team-swiss (rapid)"]
[EventRounds "12"]
[EventCountry "GER"]
[SourceTitle "CBM 215 Extra"]
[Source "ChessBase"]
[SourceDate "2023.09.30"]
[SourceVersion "1"]
[SourceVersionDate "2023.09.30"]
[SourceQuality "1"]
[WhiteTeam "Ashdod Elit CC"]
[BlackTeam "Deutsche Schachjugend"]
[WhiteTeamCountry "ISR"]
[BlackTeamCountry "GER"]

1. d4 Nf6 2. Nf3 d5 3. c3 c5 4. dxc5 Nc6 5. Bf4 e6 6. b4 a5 7. Nd4 Ne4 8. f3 Qf6 9. Be3 axb4 10. fxe4 Bxc5 11. exd5 exd5 12. Nd2 bxc3 13. N2b3 Bb6 14. g3 Bg4 15. Bg2 0-0 16. Bf2 c2 17. Qd2 Rfe8 18. 0-0 Nxd4 19. Bxd4 Bxd4+ 20. Nxd4 Qb6 21. e3 Qb2 22. Bxd5 Bh5 23. Qxc2 Qa3 24. Bb3 Bg6 25. Qf2 Qe7 26. Rae1 Kh8 27. Qf4 f6 28. Rf2 Qb4 29. Rc1 Re4 30. Qf3 Rae8 31. Nf5 R4e5 32. Nxg7 Rf8 33. Ne6 Rxe6 34. Bxe6 Qa3 35. Rcf1 f5 36. Qf4 Qe7 37. Qd4+ Rf6 38. Rxf5 Bxf5 39. Rxf5 Kg7 40. Qxf6+ Qxf6 41. Rxf6 Kxf6 42. Bc4 1-0

[Event "Andorra op 39th"]
[Site "Escaldes"]
[Date "2023.07.26"]
[Round "5"]
[White "Galperin, Platon"]
[Black "Kogan, Artur"]
[Result "1-0"]
[WhiteElo "2566"]
[BlackElo "2482"]
[PlyCount "57"]
[EventDate "2023.07.22"]
[EventType "swiss"]
[EventRounds "9"]
[EventCountry "AND"]
[SourceTitle "CBM 215 Extra"]
[Source "ChessBase"]
[SourceDate "2023.09.30"]
[SourceVersion "1"]
[SourceVersionDate "2023.09.30"]
[SourceQuality "1"]

1. Nf3 d5 2. g3 g6 3. c4 dxc4 4. Na3 Bg7 5. Nxc4 Be6 6. Qb3 Qd5 7. d3 Nc6 8. Bg2 Nd4 9. Qd1 0-0-0 10. 0-0 Qh5 11. Nxd4 Bxd4 12. Qc2 Bd5 13. Bf4 Bxg2 14. Kxg2 e5 15. Rac1 c6 16. g4 Qxg4+ 17. Bg3 f6 18. e3 Bb6 19. Qa4 Qe6 20. d4 Ne7 21. dxe5 fxe5 22. Nxe5 a6 23. Rfd1 Bc7 24. Nd3 Qd5+ 25. e4 Qg5 26. Nc5 Bxg3 27. hxg3 Rxd1 28. Qxd1 Rd8 29. Qxd8+ 1-0

[Event "Andorra op 39th"]
[Site "Escaldes"]
[Date "2023.07.24"]
[Round "3"]
[White "Galperin, Platon"]
[Black "Vestby Ellingsen, Mads"]
[Result "1/2-1/2"]
[WhiteElo "2566"]
[BlackElo "2358"]
[PlyCount "47"]
[EventDate "2023.07.22"]
[EventType "swiss"]
[EventRounds "9"]
[EventCountry "AND"]
[SourceTitle "CBM 215 Extra"]
[Source "ChessBase"]
[SourceDate "2023.09.30"]
[SourceVersion "1"]
[SourceVersionDate "2023.09.30"]
[SourceQuality "1"]

1. d4 Nf6 2. Nf3 e6 3. Bf4 b6 4. e3 Bb7 5. Be2 Be7 6. h3 0-0 7. 0-0 c5 8. c4 cxd4 9. Nxd4 a6 10. Nc3 d6 11. Bh2 Nbd7 12. a4 Rc8 13. a5 bxa5 14. Nb3 Qb6 15. Rxa5 d5 16. c5 Nxc5 17. Rxc5 Rxc5 18. Na4 Qa7 19. Qd4 Nd7 20. Nbxc5 Bxc5 21. Nxc5 Qxc5 22. Qxc5 Nxc5 23. b4 Nd7 24. Ra1 1/2-1/2

[Event "Andorra op 39th"]
[Site "Escaldes"]
[Date "2023.07.22"]
[Round "1"]
[White "Galperin, Platon"]
[Black "Lorca Cortada, David"]
[Result "1-0"]
[WhiteElo "2566"]
[BlackElo "1973"]
[PlyCount "57"]
[EventDate "2023.07.22"]
[EventType "swiss"]
[EventRounds "9"]
[EventCountry "AND"]
[SourceTitle "CBM 215 Extra"]
[Source "ChessBase"]
[SourceDate "2023.09.30"]
[SourceVersion "1"]
[SourceVersionDate "2023.09.30"]
[SourceQuality "1"]

1. e4 c5 2. Nf3 Nc6 3. Bb5 g6 4. c3 Bg7 5. d4 Qb6 6. a4 cxd4 7. 0-0 a6 8. Bxc6 dxc6 9. a5 Qc7 10. cxd4 Nf6 11. Nc3 0-0 12. h3 b6 13. e5 Nd5 14. Ne4 Rd8 15. Bd2 b5 16. Qc1 f6 17. Bh6 Bf5 18. Nc5 g5 19. Bxg7 Kxg7 20. Nxg5 Qc8 21. Nf3 Kh8 22. Kh2 Nc7 23. Qh6 Bg6 24. Rae1 f5 25. e6 Rd6 26. Qh4 Qf8 27. Ne5 Qg7 28. Nxg6+ Qxg6 29. Qxe7 1-0

[Event "Titled Tuesday intern op 18th Jul Early"]
[Site "Chess.com INT"]
[Date "2023.07.18"]
[Round "10"]
[White "Galperin, Platon"]
[Black "Nakamura, Hikaru"]
[Result "1-0"]
[WhiteElo "2566"]
[BlackElo "2787"]
[PlyCount "103"]
[EventDate "2023.07.18"]
[EventType "swiss (blitz)"]
[EventRounds "11"]
[EventCountry "USA"]
[SourceTitle "EXT 2024"]
[Source "ChessBase"]
[SourceDate "2023.10.10"]
[SourceVersion "1"]
[SourceVersionDate "2023.10.10"]
[SourceQuality "1"]

1. d4 a6 2. e4 c6 3. Nf3 d5 4. e5 Bf5 5. c4 e6 6. Nc3 dxc4 7. Bxc4 Nd7 8. 0-0 Nb6 9. Bd3 Bxd3 10. Qxd3 Ne7 11. Bg5 Qd7 12. Ne4 Ng6 13. h4 h6 14. h5 hxg5 15. hxg6 g4 16. Nfg5 fxg6 17. Nd6+ Bxd6 18. Qxg6+ Kf8 19. exd6 Kg8 20. Qxe6+ Qxe6 21. Nxe6 Rh6 22. Rfe1 Re8 23. Ng5 Rd8 24. Re7 Nc8 25. Nf7 Nxe7 26. dxe7 Re8 27. Nxh6+ gxh6 28. Re1 Kf7 29. Kh2 Rxe7 30. Rxe7+ Kxe7 31. Kg3 h5 32. Kh4 Kf6 33. Kxh5 Kf5 34. g3 a5 35. a3 a4 36. Kh4 b6 37. Kh5 b5 38. Kh4 Ke4 39. Kxg4 b4 40. axb4 Kd3 41. d5 cxd5 42. b5 d4 43. b6 Kc2 44. b7 d3 45. b8Q d2 46. Qc7+ Kxb2 47. Qd6 Kc2 48. Qc5+ Kd3 49. Qd5+ Kc3 50. Qc5+ Kd3 51. Qb5+ Ke4 52. Qxa4+ 1-0

[Event "Titled Tuesday intern op 18th Jul Early"]
[Site "Chess.com INT"]
[Date "2023.07.18"]
[Round "5"]
[White "Galperin, Platon"]
[Black "Rychagov, Andrey"]
[Result "1-0"]
[WhiteElo "2566"]
[BlackElo "2543"]
[PlyCount "57"]
[EventDate "2023.07.18"]
[EventType "swiss (blitz)"]
[EventRounds "11"]
[EventCountry "USA"]
[SourceTitle "EXT 2024"]
[Source "ChessBase"]
[SourceDate "2023.10.10"]
[SourceVersion "1"]
[SourceVersionDate "2023.10.10"]
[SourceQuality "1"]

1. e4 e6 2. Qe2 c5 3. Nf3 Nc6 4. g3 e5 5. Bg2 g6 6. 0-0 Bg7 7. Na3 Nf6 8. d3 0-0 9. Bg5 h6 10. Bxf6 Bxf6 11. Nc4 d6 12. c3 Be6 13. Ne3 Bg7 14. Nd2 f5 15. exf5 gxf5 16. f4 Qd7 17. g4 exf4 18. gxf5 fxe3 19. fxe6 Qxe6 20. Nc4 Rae8 21. Rxf8+ Rxf8 22. Nxe3 Kh8 23. Re1 Re8 24. Be4 Qh3 25. Rf1 Ne5 26. Nf5 Ng4 27. Rf3 Qh5 28. Nxg7 d5 29. Nxh5 1-0

[Event "Titled Tuesday intern op 18th Jul Early"]
[Site "Chess.com INT"]
[Date "2023.07.18"]
[Round "7"]
[White "Galperin, Platon"]
[Black "Skvortsov, Andrei"]
[Result "1-0"]
[WhiteElo "2566"]
[BlackElo "2307"]
[PlyCount "71"]
[EventDate "2023.07.18"]
[EventType "swiss (blitz)"]
[EventRounds "11"]
[EventCountry "USA"]
[SourceTitle "EXT 2024"]
[Source "ChessBase"]
[SourceDate "2023.10.10"]
[SourceVersion "1"]
[SourceVersionDate "2023.10.10"]
[SourceQuality "1"]

1. e4 c5 2. Nf3 d6 3. Nc3 Nf6 4. e5 dxe5 5. Nxe5 a6 6. g3 Nbd7 7. d4 Nxe5 8. dxe5 Qxd1+ 9. Nxd1 Nd5 10. Bg2 e6 11. Ne3 Nxe3 12. Bxe3 Kd7 13. 0-0-0+ Kc7 14. Rd2 Be7 15. Rhd1 Rb8 16. h4 h6 17. a4 b6 18. a5 bxa5 19. Rd3 Rb4 20. Bd2 Ra4 21. b3 Ra1+ 22. Kb2 Rxd1 23. Bxa5+ Kb8 24. Rxd1 f6 25. Bc3 Rd8 26. exf6 Rxd1 27. fxe7 Bd7 28. h5 Be8 29. Bxg7 Rd2 30. g4 Rxf2 31. Be4 Kc8 32. Bxh6 Re2 33. Bd3 Rg2 34. Bxa6+ Kd7 35. Bf8 Kd6 36. Bb5 1-0

[Event "Titled Tuesday intern op 18th Jul Early"]
[Site "Chess.com INT"]
[Date "2023.07.18"]
[Round "6"]
[White "Preotu, Razvan"]
[Black "Galperin, Platon"]
[Result "0-1"]
[WhiteElo "2481"]
[BlackElo "2566"]
[PlyCount "122"]
[EventDate "2023.07.18"]
[EventType "swiss (blitz)"]
[EventRounds "11"]
[EventCountry "USA"]
[SourceTitle "EXT 2024"]
[Source "ChessBase"]
[SourceDate "2023.10.10"]
[SourceVersion "1"]
[SourceVersionDate "2023.10.10"]
[SourceQuality "1"]

1. e4 d5 2. exd5 Qxd5 3. Nc3 Qd6 4. d4 Nf6 5. Nf3 a6 6. g3 b5 7. Bf4 Qb6 8. Bg2 Bb7 9. 0-0 e6 10. a4 Bb4 11. axb5 axb5 12. Rxa8 Bxa8 13. Qd3 Bxc3 14. Qxc3 Nd5 15. Qa3 Nxf4 16. Qxa8 Nxg2 17. Kxg2 0-0 18. Ra1 b4 19. Qa5 Qb7 20. Ra4 Qe4 21. Qc5 h5 22. Qxh5 Qxc2 23. Rxb4 Nc6 24. Rb5 Qd3 25. Qc5 Ne7 26. Ra5 Nd5 27. Ra1 Rb8 28. Qa3 Qe4 29. Re1 Qg4 30. Ne5 Qxd4 31. Nc6 Qxb2 32. Qxb2 Rxb2 33. Rc1 g5 34. Ne5 Kg7 35. h3 Kf6 36. Ng4+ Kf5 37. Kf3 e5 38. Ne3+ Nxe3 39. Kxe3 Rb3+ 40. Ke2 Rb7 41. Rc6 Ke4 42. h4 gxh4 43. gxh4 Kf4 44. h5 f5 45. h6 Rb1 46. Rxc7 e4 47. h7 Rh1 48. Rg7 Rh2 49. Kf1 Kf3 50. Kg1 Rh4 51. Rf7 f4 52. Rg7 Rh5 53. Rf7 Rh4 54. Rg7 Ke2 55. Rf7 e3 56. fxe3 f3 57. e4 Rxh7 58. Rxh7 f2+ 59. Kh2 f1Q 60. Rg7 Qf4+ 61. Kh3 Qh6+ 0-1

[Event "Titled Tuesday intern op 27th Jun Late"]
[Site "Chess.com INT"]
[Date "2023.06.27"]
[Round "6"]
[White "Cruz, Jonathan"]
[Black "Galperin, Platon"]
[Result "1-0"]
[WhiteElo "2328"]
[BlackElo "2551"]
[PlyCount "87"]
[EventDate "2023.06.27"]
[EventType "swiss (blitz)"]
[EventRounds "11"]
[EventCountry "USA"]
[SourceTitle "EXT 2024"]
[Source "ChessBase"]
[SourceDate "2023.10.10"]
[SourceVersion "1"]
[SourceVersionDate "2023.10.10"]
[SourceQuality "1"]

1. Nf3 Nf6 2. g3 g6 3. Bg2 Bg7 4. 0-0 0-0 5. c4 d6 6. Nc3 Re8 7. d3 e5 8. Rb1 a5 9. a3 Nc6 10. b4 axb4 11. axb4 e4 12. Ng5 exd3 13. exd3 Bg4 14. f3 Bf5 15. Nge4 Nd7 16. Nd5 Be6 17. Bg5 f6 18. Bd2 f5 19. Bg5 Qb8 20. Nef6+ Nxf6 21. Nxf6+ Bxf6 22. Bxf6 Qa7+ 23. Kh1 Nd4 24. Qc1 Rf8 25. Bg5 Qa2 26. Qe3 Qa7 27. Qd2 Bf7 28. b5 Qc5 29. Be3 Rfe8 30. Qf2 Rxe3 31. Qxe3 Re8 32. Qg1 d5 33. Rbc1 Qb6 34. c5 Qf6 35. b6 cxb6 36. cxb6 Qxb6 37. Rb1 Qa7 38. Ra1 Qc5 39. Rfc1 Qb4 40. Rab1 Qa4 41. Ra1 Qb4 42. Rcb1 Qc3 43. Rxb7 Nc2 44. Rc1 1-0